Δελτίο της Ελληνικής Μαθηματικής Εταιρίας Bulletin de la Societe Mathematique de Grece = Bulletin of the Greek Mathematical Society

Αποθηκεύτηκε σε:
Λεπτομέρειες βιβλιογραφικής εγγραφής
Συγγραφή απο Οργανισμό/Αρχή: Ελληνική Μαθηματική Εταιρεία
Μορφή: Περιοδική έκδοση
Γλώσσα:English
Δημοσίευση: Αθήνα : Ελληνική Μαθηματική Εταιρία, 1956-
Θέματα:
Ετικέτες: Προσθήκη ετικέτας
Δεν υπάρχουν, Καταχωρήστε ετικέτα πρώτοι!

MARC

LEADER 00000cas a2200000 i 4500
001 1/58552
008 040630c19569999gr |||||||||||| ||gre||
022 |a 00727466 
035 |l 10073964 
040 |a GR-MyUA  |b gre  |e AACR2 
041 0 |a eng 
082 0 |a 510.5  
110 2 |a Ελληνική Μαθηματική Εταιρεία. 
245 1 0 |a Δελτίο της Ελληνικής Μαθηματικής Εταιρίας   |h [περιοδικό] :   |b Bulletin de la Societe Mathematique de Grece = Bulletin of the Greek Mathematical Society 
246 2 1 |i Άλλες παραλλαγές του τίτλου:   |a Bulletin de la Societe Mathematique de Grece 
246 2 1 |i Άλλες παραλλαγές του τίτλου:   |a Bulletin of the Greek Mathematical Society 
260 |a Αθήνα :   |b Ελληνική Μαθηματική Εταιρία,   |c 1956-  
300 |a τ. :   |c 24 εκ.  
310 |a Ετήσιο,   |b 1956 -  
500 |a H βιβλιοθήκη της Ρόδου έχει στην συλλογή της τα εξής τεύχη: Τόμος 31 (1990), τόμος 33 (1992), τόμος 46 (2002). 
650 0 0 |a Mathematics  |x Periodicals. 
853 |a INST  |b RHODES  |c SER  |h 510.5 
853 |a INST  |b SAMOS  |c SER  |h 510.5 
920 |a ΕΛΛΗΝΙΚΗ ΜΑΘΗΜΑΤΙΚΗ ΕΤΑΙΡΕΙΑ  |y Σάμος  |z 1987-05 
970 |a ΜΑΛΑΓΑΡΗ  |b ΦΩΤΕΙΝΗ  |z 2004/06/14